000 00648nam a2200277Ia 4500
005 20260324112435.0
008 008 260324s9999 xx 000 0 eng d
020 _a9781032665429
037 _aEBOOK
040 _aCRL
040 _beng
040 _cCRL
041 _2eng
041 _aeng
084 _qCRL
100 _aOlivier Klein; Vincent Yzerbyt
_91142703
245 4 _aThe Psychology of Vaccination
260 _bTaylor and Francis
260 _c2024
365 _a
365 _b205
856 _uhttp://www.taylorfrancis.com/books/9781032665429
942 _cEBOOK
999 _c1731911
_d1731911